Tolstoi

Wedi'i Gadw mewn:
Manylion Llyfryddiaeth
Prif Awdur: Troyat, Henri
Fformat: Llyfr
Iaith:Undetermined
Cyhoeddwyd: Paris Fayard 1965
Tagiau: Ychwanegu Tag
Dim Tagiau, Byddwch y cyntaf i dagio'r cofnod hwn!
Thư viện lưu trữ: Trung tâm Học liệu Trường Đại học Cần Thơ
LEADER 00403nam a2200169Ia 4500
001 CTU_86525
008 210402s9999 xx 000 0 und d
082 |a 928.917 
082 |b T864 
100 |a Troyat, Henri 
245 0 |a Tolstoi 
245 0 |c Henri Troyat 
260 |a Paris 
260 |b Fayard 
260 |c 1965 
904 |i Nguyên 
980 |a Trung tâm Học liệu Trường Đại học Cần Thơ